Z jakiego państwa są te kluby? #5 - Statystyki

Ogólne statystyki
  • Ten quiz został rozwiązany 160 razy
  • Średni wynik to 10 z 12
Statystyki odpowiedzi
Obrazkowy Odpowiedź % Poprawnych
Polska
99%
Hiszpania
97%
Niemcy
97%
Szwecja
95%
Ukraina
94%
Włochy
90%
Brazylia
83%
Turcja
81%
Rosja
79%
Szwajcaria
74%
Portugalia
68%
Argentyna
44%
Nie znaleziono quizów pasujących do podanych kryteriów
Rozkład punktacji
Procent ludzi z każdym wynikiem
Percentyl według liczby udzielonych odpowiedzi
Twoja historia wyników
Nie rozwiązałeś tego quizu